| 000 | 00482nam a2200169Ia 4500 | ||
|---|---|---|---|
| 003 | OSt | ||
| 005 | 20200207095029.0 | ||
| 008 | 190216s9999||||xx |||||||||||||| ||und|| | ||
| 040 | _coclc | ||
| 082 |
_a297.4 _bRAN/I |
||
| 100 |
_aRandathani, Husain _91881 |
||
| 245 | 0 |
_aIslam Soofism Jihad / _cHusain Randathani |
|
| 260 |
_bGenious Books, _c2005. _aCalicut: |
||
| 300 | _a447p | ||
| 650 | _aIslamic History | ||
| 942 |
_cBK _2ddc _h297.4 _iRAN/I _k297.4 _mRAN/I |
||
| 999 |
_c22802 _d22802 |
||